000 00700nam a2200253Ia 4500
003 OSt
005 20221006143319.0
006 a|||||r|||| 00| 0
007 ta
008 221006b |||||||| |||| 00| 0 eng d
020 _c
_33.00
024 _a8,626
037 _cTextual
040 _aEASL
_cEASL
_beng
041 _2eng
_aeng
082 _aX8(J):8.42.N83, M3
100 _aFRUIN W Mark
245 0 _aKikkoman
_b Company, clan and community
260 _aLondon
_bHarvard University Press
_c1983
300 _a358p.
_ccm.
490 _v JEL
_aHarvard studies in business history
942 _hX8(J):8.42.N83, M3
_cTEXL
_2CC
999 _c1076712
_d1076712